000 00261nam a22001217a 4500
008 171222b xxu||||| |||| 00| 0 eng d
041 _aeng
080 _a7
100 _a44
101 _aART
245 _aTHE CATHEDRAL OF ORVIETO
_cPLURIGRAF
942 _2udc
_cBK
999 _c39317
_d39317